01999nam a2200277Ia 4500003000400000005001700004008004100021020001800062040002100080041001300101082002600114100002600140245028800166260005400454300003700508490001500545500015800560505033300718520049201051546002801543650001201571650002201583700003401605700004801639700003401687OSt20210520132746.0210310s2014 mx fr 001 0 spa d a9786071616524 aCO-JMCRcCO-JMCR1 aspahger04a335.412 /bM392c12231 aMarx, Carlos, eautor13aEl capital : bcrítica de la economía política : el proceso de producción del capital / cCarlos Marx ; nueva versión del alemán, Wenceslao Roces ; estudio introductorio, Ignacio Perrotini ; prólogo, integración del manuscrito y cuidado de la edición, Ricardo Campa aMéxico : bFondo de Cultura Económica, c2014 alviii, 1016 páginas ; c23 cm.0 aEconomía aIncluye notas a pie de página e índice bibliográfico, biográfico y de materias. Título original: Das Kapital. Kritik der politischen Ökonomie0 aEl capital -- El proceso de producción del capital -- Mercancía y dinero -- La transformación del dinero en capital -- La producción de la plusvalía absoluta -- La producción de la plusvalía relativa -- La producción de la plusvalía absoluta y relativa -- El salario -- El proceso de acumulación del capital 3 aPocos libros han sido leídos y discutidos con tanta pasión como El capital. Desde que vio la luz pública su primer tomo, en 1867, fue censurado y elogiado prácticamente en todo el mundo y sigue siendo causa de debate hasta nuestros días. La polémica radica, debe decirse, en el contexto social y las interpretaciones históricas de que ha sido objeto, pues desde hace tiempo figura como un clásico de la materia y como tema fundamental para la investigación económica. aTraducido del alemán.14aCapital24aEconomía social1 aRoces, Wenceslao, etraductor1 aPerrotini, Ignacio, eestudio introductorio1 aCampa, Ricardo, eprologuista